| 000 | 00604nam a2200217Ia 4500 | ||
|---|---|---|---|
| 003 | OSt | ||
| 005 | 20220107122745.0 | ||
| 008 | 130318s9999 xx 000 0 und d | ||
| 020 | _a9788126522842 | ||
| 040 | _cIIITM-K | ||
| 082 | _a004.22 USH/C | ||
| 100 |
_aUsha, M _94171 |
||
| 245 |
_aComputer system architecture and organization _cby M Usha; T.S Srikanth |
||
| 260 |
_bWiley, _aNew Delhi, _c2013. |
||
| 300 | _axx, 275p. | ||
| 650 |
_aCOMPUTER SCIENCE _94172 |
||
| 650 |
_aSYSTEM ARCHITECTURE _94173 |
||
| 650 |
_aCOMPUTER ARCHITECTURE _94174 |
||
| 700 |
_aSrikanth, T.S _95129 |
||
| 942 |
_2ddc _cBK |
||
| 999 |
_c4147 _d4147 |
||